000
00206 a2200097 4500
001
9067
090
_c
7246
_d
7246
100
_a
Landor, W S
245
_a
Landor poetry and prose (Transfered to SOA)
260
_b
Oxford
942
_a
NUST-CAE
999
_c
244140
_d
244140